[Event "GBR-ch U14 106th"]
[Site "Torquay"]
[Date "2019.07.29"]
[Round "2"]
[White "Pramod Paleri, Adithya P"]
[Black "Adams, Henry"]
[Result "1-0"]
[WhiteElo "1823"]
[BlackElo "1562"]
[PlyCount "75"]
[EventDate "2019.07.28"]
[EventType "swiss"]
[EventRounds "7"]
[EventCountry "ENG"]
[SourceTitle "EXT 2020"]
[Source "ChessBase"]
[SourceDate "2019.10.17"]
[SourceVersion "1"]
[SourceVersionDate "2019.10.17"]
[SourceQuality "1"]

1. d4 Nf6 2. c4 e6 3. g3 d5 4. Nf3 Nbd7 5. Qc2 c5 6. cxd5 Nxd5 7. a3 b6 8. Bg2 cxd4 9. Nxd4 Bb7 10. 0-0 Bc5 11. Nb3 Be7 12. e4 Rc8 13. Qd2 N5f6 14. Nc3 Nc5 15. Nxc5 Bxc5 16. Qe2 0-0 17. Rd1 Qc7 18. Bg5 Ne8 19. Rac1 h6 20. Bd2 Qb8 21. Be3 Bxe3 22. Qxe3 Nf6 23. h3 e5 24. Nd5 Nxd5 25. exd5 Rxc1 26. Rxc1 Rd8 27. Rd1 Qd6 28. g4 Qf6 29. Qe4 Qg5 30. Qc4 Qe7 31. Qa4 Ba8 32. d6 Qe6 33. Bxa8 Rxa8 34. d7 Qe7 35. Rc1 Rd8 36. Rc8 f6 37. Qc4+ Kf8 38. Qc7 1-0

[Event "BCF-ch U14"]
[Site "Hull"]
[Date "2018.07.30"]
[Round "2"]
[White "Pramod Paleri, Adithya P"]
[Black "Sivarajasingam, Venetia"]
[Result "0-1"]
[WhiteElo "1647"]
[BlackElo "1843"]
[PlyCount "66"]
[EventDate "2018.07.29"]
[EventType "swiss"]
[EventRounds "7"]
[EventCountry "ENG"]
[SourceTitle "CBM 186 Extra"]
[Source "ChessBase"]
[SourceDate "2018.08.24"]
[SourceVersion "1"]
[SourceVersionDate "2018.08.24"]
[SourceQuality "1"]

1. d4 e6 2. c4 d5 3. Nf3 Be7 4. g3 Nf6 5. Bg2 0-0 6. 0-0 dxc4 7. Qc2 a6 8. Qxc4 b5 9. Qc2 Bb7 10. Bg5 h6 11. Bxf6 Bxf6 12. Rd1 Nd7 13. Nc3 Qe7 14. e4 e5 15. dxe5 Bxe5 16. Rxd7 Qxd7 17. Nxe5 Qd4 18. Nf3 Qc5 19. Rc1 Rfd8 20. Nd5 Qxc2 21. Rxc2 c6 22. Ne3 c5 23. Ne5 c4 24. Kf1 Re8 25. Nd7 Bxe4 26. Bxe4 Rxe4 27. Nd5 Rd4 28. b3 cxb3 29. axb3 Rxd5 30. Nb6 Rd1+ 31. Ke2 Rad8 32. Ra2 R1d6 33. Rxa6 Rb8 0-1

[Event "BCF-ch U12"]
[Site "Llandudno"]
[Date "2017.08.03"]
[Round "5"]
[White "Jamroz, Viktor"]
[Black "Pramod Paleri, Adithya P"]
[Result "0-1"]
[WhiteElo "1587"]
[BlackElo "1792"]
[PlyCount "118"]
[EventDate "2017.07.30"]
[EventType "swiss"]
[EventRounds "7"]
[EventCountry "WLS"]
[SourceTitle "CBM 179 Extra"]
[Source "ChessBase"]
[SourceDate "2017.08.23"]
[SourceVersion "1"]
[SourceVersionDate "2017.08.23"]
[SourceQuality "1"]

1. e4 d6 2. d4 Nf6 3. Nc3 g6 4. f4 Bg7 5. Nf3 c5 6. d5 0-0 7. Be2 e6 8. dxe6 Bxe6 9. 0-0 Nc6 10. Kh1 a6 11. a4 b6 12. Be3 Re8 13. Ng5 Qe7 14. Nxe6 Qxe6 15. Bf3 Rac8 16. Re1 Qd7 17. Re2 Nd4 18. Rd2 Bh6 19. Rxd4 cxd4 20. Qxd4 Qd8 21. g4 Bg7 22. Qxb6 Qxb6 23. Bxb6 Nd7 24. Ba5 Rc5 25. Bb4 Rc4 26. Ba5 Nc5 27. Ra3 Bxc3 28. Rxc3 Rxa4 29. Bc7 Nxe4 30. Bxe4 Raxe4 31. Bxd6 Re1+ 32. Kg2 R1e2+ 33. Kg1 Rd2 34. Be5 f6 35. h4 fxe5 36. Re3 Rxc2 37. b4 Rc4 38. fxe5 Rxb4 39. Kf2 Rb5 40. e6 Rb6 41. e7 Rf6+ 42. Ke2 Rf7 43. Kd3 Rfxe7 44. Rf3 a5 45. Kc2 Rb8 46. h5 Rc7+ 47. Kd2 Rd8+ 48. Ke2 Re7+ 49. Kf2 Rf8 50. hxg6 Rxf3+ 51. Kxf3 hxg6 52. g5 a4 53. Kf4 a3 54. Kf3 a2 55. Kg4 a1Q 56. Kf4 Qd4+ 57. Kf3 Re3+ 58. Kg2 Qd2+ 59. Kh1 Re1# 0-1

[Event "Wakefield 4NCL op-B 13th"]
[Site "Wakefield"]
[Date "2017.04.09"]
[Round "5.17"]
[White "Pramod Paleri, Adithya P"]
[Black "Tamas, Szilard"]
[Result "0-1"]
[WhiteElo "1579"]
[BlackElo "1835"]
[PlyCount "96"]
[EventDate "2017.04.07"]
[EventType "swiss"]
[EventRounds "5"]
[EventCountry "ENG"]
[SourceTitle "EXT 2023"]
[Source "ChessBase"]
[SourceDate "2022.10.05"]
[SourceVersion "1"]
[SourceVersionDate "2022.10.05"]
[SourceQuality "1"]

1. d4 Nf6 2. c4 e5 3. e3 exd4 4. exd4 d5 5. Nf3 Be7 6. Bd3 0-0 7. 0-0 Nbd7 8. Nc3 dxc4 9. Bxc4 Nb6 10. Bb3 Nfd5 11. Re1 Bf6 12. a4 a5 13. Nxd5 Nxd5 14. Bxd5 Qxd5 15. Bf4 c6 16. Rc1 Bg4 17. Rc5 Bxf3 18. Qxf3 Qxf3 19. gxf3 Bxd4 20. Rc2 Rfe8 21. Rce2 Rxe2 22. Rxe2 Bf6 23. Bc7 h6 24. Bb6 Kh7 25. b3 Ra6 26. Bc7 b5 27. Rc2 Bd4 28. Rd2 Bc3 29. axb5 cxb5 30. Rc2 Bb4 31. Kf1 Kg6 32. Ke2 Kf5 33. Kd3 Bd6 34. Ke3 Bb4 35. Kd4 Ke6 36. Be5 f6 37. Bc7 Bd6 38. Ke4 a4 39. Bxd6 Kxd6 40. b4 a3 41. Ra2 g6 42. Kd4 Ra4 43. Kc3 Ke5 44. Kb3 Kf4 45. Rxa3 Rxa3+ 46. Kxa3 Kxf3 47. Kb3 Kxf2 48. Kc3 Ke3 0-1

[Event "BCF-ch U09"]
[Site "Aberystwyth"]
[Date "2014.07.27"]
[Round "4"]
[White "Pramod Paleri, Adithya P"]
[Black "Tombolis, Christopher"]
[Result "1-0"]
[WhiteElo "113"]
[BlackElo "101"]
[PlyCount "91"]
[EventDate "2014.07.26"]
[EventType "swiss"]
[EventRounds "7"]
[EventCountry "WLS"]
[SourceTitle "EXT 2017"]
[Source "ChessBase"]
[SourceDate "2016.10.25"]
[SourceVersion "1"]
[SourceVersionDate "2016.10.25"]
[SourceQuality "1"]

1. d4 d5 2. Nf3 Nf6 3. c4 e6 4. g3 Be7 5. Bg2 0-0 6. 0-0 b6 7. cxd5 exd5 8. Nc3 Bb7 9. Bf4 a6 10. Qb3 b5 11. Rac1 c6 12. Rfd1 Nbd7 13. Nd2 Re8 14. e4 b4 15. Na4 Rc8 16. e5 Nh5 17. Be3 g6 18. Nf3 Ng7 19. Bd2 Qa5 20. a3 c5 21. dxc5 Bxc5 22. Nxc5 Rxc5 23. Rxc5 Qxc5 24. Bxb4 Qb5 25. Nd4 Qb6 26. Bxd5 Nxe5 27. Bxb7 Qxb7 28. f4 Ng4 29. Qf3 Qxf3 30. Nxf3 h5 31. Rd6 Ra8 32. Ba5 Nf5 33. Rd8+ Rxd8 34. Bxd8 Nd6 35. Nd2 Nb7 36. Bc7 Kf8 37. h3 Nf6 38. Kf2 Ne8 39. Bb6 Ke7 40. Ne4 f5 41. Nc5 Nxc5 42. Bxc5+ Kd7 43. b4 Kc6 44. Ke2 a5 45. Kd3 axb4 46. axb4 1-0